| Поле | Название | Значение |
| |
Тип записи |
a |
| |
Библиографический уровень |
a |
| 001 |
Контрольный номер |
UONB/MAIN/d8bbcc5f478245f3b389fb6ca88d8d02 |
| 005 |
Дата корректировки |
20250826165154.6 |
| 100 |
Данные общей обработки |
__ |
| a |
Данные общей обработки |
20250822 ||| 0rusy0189 ca |
| 101 |
Язык документа |
0_ |
| a |
Язык текста |
rus |
| 102 |
Страна публикации |
__ |
| a |
Страна публикации |
RU |
| 200 |
Заглавие и сведения об ответственности |
1_ |
| a |
Заглавие |
Я помню этот день... |
| f |
Первые сведения об ответственности |
А. Карпов |
| 203 |
Вид содержания и тип средства |
__ |
| a |
Вид содержания |
Текст |
| c |
Тип средства |
непосредственный |
| 215 |
Физическое описание |
__ |
| c |
Иллюстрации/тип воспроизводства |
ил., фот. |
| 225 |
Серия |
1_ |
| a |
Серия |
Публицистика |
| 300 |
Общие примечания |
__ |
| a |
Общие примечания |
Продолж. следует |
| 327 |
Примечание о содержании |
01 |
| a |
Примечание о содержании |
Позывной Разведчик |
| a |
Примечание о содержании |
Позывной Архангел |
| a |
Примечание о содержании |
Позывной Горец |
| a |
Примечание о содержании |
Позывной Жека |
| a |
Примечание о содержании |
Позывной Белый |
| a |
Примечание о содержании |
Позывной Шутник |
| a |
Примечание о содержании |
Позывной Хан |
| a |
Примечание о содержании |
Позывной Хайзер |
| a |
Примечание о содержании |
Позывной Борисыч |
| a |
Примечание о содержании |
Позывной Тимсо |
| 330 |
Аннотация |
__ |
| a |
Аннотация |
В публикации приведены воспоминания участников специальной военной операции. |
| 461 |
Уровень набора |
_0 |
| 1 |
|
2000 |
| a |
|
Москва |
| 1 |
|
011 |
| a |
|
0131-2332 |
| 463 |
Уровень физической единицы |
_0 |
| 1 |
|
2000 |
| a |
|
№ 7 |
| v |
|
С. 169-184 |
| 1 |
|
2101 |
| d |
|
2025 |
| 1 |
|
001UONB/MAIN/0e4d4b1d92504bde9eee9472f919ccfb |
| 517 |
Другие варианты заглавия |
1_ |
| a |
Другие варианты заглавия |
Позывной Разведчик |
| 517 |
Другие варианты заглавия |
1_ |
| a |
Другие варианты заглавия |
Позывной Архангел |
| 517 |
Другие варианты заглавия |
1_ |
| a |
Другие варианты заглавия |
Позывной Горец |
| 517 |
Другие варианты заглавия |
1_ |
| a |
Другие варианты заглавия |
Позывной Жека |
| 517 |
Другие варианты заглавия |
1_ |
| a |
Другие варианты заглавия |
Позывной Белый |
| 517 |
Другие варианты заглавия |
1_ |
| a |
Другие варианты заглавия |
Позывной Шутник |
| 517 |
Другие варианты заглавия |
1_ |
| a |
Другие варианты заглавия |
Позывной Хан |
| 517 |
Другие варианты заглавия |
1_ |
| a |
Другие варианты заглавия |
Позывной Хайзер |
| 517 |
Другие варианты заглавия |
1_ |
| a |
Другие варианты заглавия |
Позывной Борисыч |
| 517 |
Другие варианты заглавия |
1_ |
| a |
Другие варианты заглавия |
Позывной Тимсо |
| 606 |
Тематические рубрики |
0_ |
| a |
Основная рубрика |
Социология |
| 606 |
Тематические рубрики |
0_ |
| a |
Основная рубрика |
Социология общества |
| 606 |
Тематические рубрики |
0_ |
| a |
Основная рубрика |
История |
| 606 |
Тематические рубрики |
0_ |
| a |
Основная рубрика |
История России в целом |
| 610 |
Ключевые слова |
0_ |
| a |
Ключевые слова |
специальная военная операция |
| 610 |
Ключевые слова |
0_ |
| a |
Ключевые слова |
боевые товарищи |
| 610 |
Ключевые слова |
0_ |
| a |
Ключевые слова |
биографии военнослужащих |
| 610 |
Ключевые слова |
0_ |
| a |
Ключевые слова |
воспоминания участников военных событий |
| 686 |
Индексы других классификаций |
__ |
| 2 |
Код системы |
rubbk |
| 700 |
Автор |
_1 |
| a |
Фамилия |
Карпов |
| b |
Имя (инициалы) |
А. |
| g |
Полное личное имя |
Антон |
| 4 |
Код отношения |
070 |
| 801 |
Источник записи |
_0 |
| a |
Страна |
RU |
| b |
Организация |
Ульяновская ОНБ |
| c |
Дата составления |
20250822 |
| g |
Правила каталогизации |
RCR |
| 801 |
Источник записи |
_1 |
| a |
Страна |
RU |
| b |
Организация |
Ульяновская ОНБ |
| c |
Дата составления |
20250822 |
| g |
Правила каталогизации |
RCR |
| 901 |
Тип документа |
__ |
| t |
Тип документа |
b |
| w |
Контрольный № источника |
UONB/MAIN/0e4d4b1d92504bde9eee9472f919ccfb |